Projecte de ortografía catalana / ara per primera vegada estampat amb pròleg i notes per J. Roig i Roqué ; M. Milà i Fontanals
Descripción Física:
59 p. ; 20 cm
Otros Autores:
Roig i Roqué, Josep, pr
Materias:
Català -- Ortografia
MARC
| LEADER | 00000nam a2200000Ia 4500 | ||
|---|---|---|---|
| 001 | 21165 | ||
| 008 | 160829s1915 xx 000 0 cat d | ||
| 080 | |a 3385, exp. 8 | ||
| 100 | |a Milà i Fontanals, Manuel |9 43623 | ||
| 245 | |a Projecte de ortografía catalana / ara per primera vegada estampat amb pròleg i notes per J. Roig i Roqué ; M. Milà i Fontanals | ||
| 260 | |a Barcelona : |b Llibreria Religiosa, |c 1915 | ||
| 300 | |a 59 p. ; |c 20 cm | ||
| 650 | |a Català |x Ortografia |9 30156 | ||
| 700 | |a Roig i Roqué, Josep, pr. |9 43624 | ||
| 901 | |a Arxiu | ||
| 942 | |n 1 | ||
| 952 | |0 0 |1 0 |4 0 |6 3385_EXP_8 |7 1 |9 51542 |a Arxiu |b Arxiu |d 2016-12-01 |l 0 |o 3385, exp. 8 |p 21165 |r 2016-12-01 00:00:00 |w 2016-12-01 |y ARXIU | ||
| 999 | |c 55387 |d 55387 | ||